[Event "Linares m"]
[Site "Linares"]
[Date "1992.??.??"]
[Round "2"]
[White "Anand, Viswanathan"]
[Black "Ivanchuk, Vassily"]
[Result "1-0"]
[WhiteElo "2690"]
[BlackElo "2720"]
[Annotator "Anand,V"]
[PlyCount "91"]
[EventDate "1992.09.??"]
[EventType "match"]
[EventRounds "8"]
[EventCountry "ESP"]
[SourceTitle "CBM 031"]
[Source "ChessBase"]
[SourceDate "1992.12.01"]
[SourceVersion "1"]
[SourceVersionDate "1992.12.01"]
[SourceQuality "1"]

1. e4 e6 2. d4 d5 3. Nc3 Nf6 4. Bg5 dxe4 5. Nxe4 Nbd7 6. Nxf6+ Nxf6 7. Nf3 h6
8. Bh4 c5 9. Bb5+ Bd7 10. Bxd7+ Qxd7 11. Qe2 (11. Bxf6 gxf6 12. Qe2 cxd4 13.
O-O-O Bc5 $1) 11... Be7 12. O-O-O O-O 13. dxc5 Qc6 $1 $146 (13... Qa4 14. Kb1)
14. Kb1 (14. Ne5 Qxc5 $1 (14... Qxg2 $2 15. Nd7 $1 $16 Rfd8 $140 16. Nxf6+ Bxf6
17. Bxf6 Rxd1+ 18. Qxd1 $1 $18) 15. Bxf6 Bxf6 16. Nd7 Bxb2+ (16... Qg5+ 17. Kb1
Rfd8) 17. Kxb2 Qb4+ 18. Kc1 Qa3+ 19. Kd2 Rfc8 $1 $44) 14... Rfd8 $10 15. Rhe1 (
15. Ne5 Qxc5 16. Bxf6 Bxf6 17. Nd7 Qe7 18. Qb5 (18. Qd3 Rxd7 19. Qxd7 Qb4 $17)
18... a6 $10 19. Qxb7 $140 Rdb8 $19) 15... Qxc5 16. Ne5 Rxd1+ (16... Qb6 $5) (
16... Qb4 $5 17. c4 a5 $13) 17. Rxd1 Rd8 18. Rxd8+ Bxd8 19. Nd3 Qc4 20. Bg3 Nd5
21. a3 Bf6 $6 (21... Be7 $10) 22. Be5 $1 Bxe5 23. Qxe5 Qg4 $4 (23... Qc8 $10)
24. Qb8+ Kh7 25. Qxb7 $18 f5 (25... Qd1+ 26. Nc1 $18 {Ivanchuk missed this move
}) 26. Qc6 $1 (26. Qxa7 Qxg2 27. Qb8 $18) 26... Qe4 27. g3 a5 28. Qd6 a4 29.
Qe5 Qc4 30. Qe2 Qc6 31. Nb4 $1 {The queen ending is fairly simple} Qc5 32. Qxe6
Nxb4 33. axb4 Qxf2 34. c3 g5 35. Ka2 f4 36. gxf4 gxf4 37. b5 f3 38. b6 a3 39.
Qd7+ Kg6 40. Qd6+ Kh5 41. Kxa3 Qe3 42. Qd5+ Kh4 43. b7 Qa7+ 44. Kb3 Qb6+ 45.
Kc2 f2 (45... Qg6+ 46. Qd3) 46. Qf5 $1 1-0

[Event "Riga Tal Memorial"]
[Site "Riga"]
[Date "1995.??.??"]
[Round "10"]
[White "Anand, Viswanathan"]
[Black "Vaganian, Rafael A"]
[Result "1-0"]
[WhiteElo "2715"]
[BlackElo "2640"]
[Annotator "Anand,V"]
[PlyCount "41"]
[EventDate "1995.04.??"]
[EventType "tourn"]
[EventRounds "11"]
[EventCountry "LAT"]
[EventCategory "17"]
[SourceTitle "CBM 047"]
[Source "ChessBase"]
[SourceDate "1995.08.01"]
[SourceVersion "1"]
[SourceVersionDate "1995.08.01"]
[SourceQuality "1"]

1. e4 {Dolmatov} e6 2. d4 d5 3. Nc3 dxe4 4. Nxe4 Nd7 5. Nf3 Ngf6 6. Bd3 $5 Nxe4
(6... Be7 {Dolmatov} 7. Qe2 Nxe4 8. Bxe4 c5 9. d5 $14) 7. Bxe4 Nf6 8. Bg5 $1 {
The point. Seirawan showed me this idea. 8.Bd3 would just transpose to 6.Nf6
Nf6 7.Bd3} Be7 (8... Qd6 $5 {Anand-Speelman Linares 1991}) 9. Bxf6 (9. Bd3 {
Dolmatov} h6 10. Bh4 c5 $10) 9... gxf6 (9... Bxf6 10. Qd3 (10. c3 {Dolmatov}
Qd6 11. Qe2 O-O 12. O-O-O c5 13. Kb1 cxd4 14. Nxd4 Qb6 15. f4 $16)) 10. Qe2 c6
$6 (10... Qd6 $1) (10... f5 $2 {Dolmatov} 11. Bxb7) 11. O-O $1 {He had
forgotten that I could still castle (or want to!) short.} (11. O-O-O Qc7 {
/\ Bd7,0-0-0.}) 11... Qb6 {Now 11...Qc7, Bd7 and 0-0-0 could be met by a
queenside pawn advance.} (11... Qc7 $32 {Dolmatov} 12. c4 b6 13. Rac1 Bb7 $14)
12. c4 Bd7 13. c5 (13. Rfd1 $1) 13... Qc7 14. Rfd1 h5 (14... b6 {Dolmatov} 15.
b4 $16) 15. Nd2 Rd8 (15... O-O-O 16. Nc4 {+/- Black should have gone in for
this nevertheless since in the game he loses without a fight.}) 16. Nc4 Bc8 17.
Qe3 $16 {Black can't castle and White's plan of expansion on the << will
slowly decide the game. Black decides to lash out.} (17. Rac1 $5 {Dolmatov} b5
18. cxb6 axb6 19. Qf3 Bb7 20. Ne3 Rc8 21. d5 $18) 17... b5 18. cxb6 axb6 19.
Rac1 Bb7 (19... c5 20. d5 (20. Qb3 $5 Rxd4 21. Rxd4 cxd4 22. Qxb6 Qxb6 23. Nxb6
Ba6 $16)) (19... b5 {Dolmatov} 20. Na3 Bb7 21. Nxb5 Qb6 22. Nc3 $16) 20. Qf3 $1
{Now there is no defence against Ne3.} (20. Qg3 Bd6 $16) 20... f5 $2 {A simple
oversight, but Black's position was beyond rescue.} (20... Rc8 $32 {Dolmatov})
21. Ne5 1-0

[Event "Olympiad-30"]
[Site "Manila"]
[Date "1992.06.15"]
[Round "7.1"]
[White "Anand, Viswanathan"]
[Black "Robatsch, Karl"]
[Result "1-0"]
[WhiteElo "2670"]
[BlackElo "2410"]
[Annotator "Anand,V"]
[PlyCount "40"]
[EventDate "1992.06.08"]
[EventType "team-swiss"]
[EventRounds "14"]
[EventCountry "PHI"]
[SourceTitle "CBM 030"]
[Source "ChessBase"]
[SourceDate "1992.10.01"]
[SourceVersion "1"]
[SourceVersionDate "1992.10.01"]
[SourceQuality "1"]
[WhiteTeam "India"]
[BlackTeam "Austria"]
[WhiteTeamCountry "IND"]
[BlackTeamCountry "AUT"]

1. e4 e6 2. d4 d5 3. Nc3 dxe4 {The Burn Variation, a good choice assuming
Black is trying to play solidly but it really does not work out that way.} 4.
Nxe4 Be7 5. Nf3 Nf6 6. Bd3 Nxe4 7. Bxe4 c5 8. O-O Nd7 9. Qe2 {Black's next
move starts to open up the game before he is ready for it. 9..Nf6 is
reasonable.} cxd4 10. Rd1 Nc5 (10... e5 {As you might expect this is bad.
Anand analyses the following:} 11. c3 O-O (11... dxc3 12. Nxe5 $40) 12. cxd4
exd4 13. Nxd4) 11. Rxd4 $16 (11. Nxd4 Nxe4 12. Nxe6 Qxd1+ 13. Qxd1 Bxe6) 11...
Qb6 {This is brilliantly refuted but the natural 11..Qc7 runs into even bigger
trouble} (11... Qc7 12. Bf4 Qxf4 13. Bc6+ bxc6 14. Rxf4) 12. Be3 Qxb2 13. Rad1
Bf6 (13... Bd7 14. Ne5 $18) (13... Nxe4 14. Rxe4 O-O (14... f6 15. Bd4 Qxa2 16.
Qb5+ Kf7 17. Qh5+ g6 18. Qh6 Qd5 19. Ne5+ fxe5 20. Rf4+) 15. Bd4 Qxa2 (15...
Qa3 16. Bxg7 Kxg7 17. Rg4+ Kh8 18. Ne5 $1 {The threat is 19.Nxf7+ Rxf7 20.Qe5+
Bf6 21.Rd8+ Rf8 22.Qxf6+!}) 16. Bxg7 Kxg7 17. Rg4+ Kh8 18. Ne5 Qa3 (18... b6
19. Nxf7+ Rxf7 20. Qe5+ Rf6 21. Qg5 Rg6 22. Qxe7) 19. Rg3 $40) (13... O-O 14.
Bxh7+ Kxh7 15. Ne5 {! (Robatsch)}) 14. Rd8+ (14. Bc1 Qb6 15. Rd6 Qc7 16. Bg5
$18) 14... Bxd8 15. Bxc5 Bd7 (15... Be7 16. Qd2) 16. Qd3 Qb5 (16... Bb5 17.
Bxb7 $18) (16... Ba4 17. Nd4 Be7 18. Nc6 $18 Bxc5 (18... Bxc6 19. Bxc6+ Kf8 20.
Qd8+ Rxd8 21. Rxd8#) 19. Qd8+ $40) 17. c4 Qxc5 (17... Qa4 18. Ne5) 18. Qxd7+
Kf8 19. Qxb7 g6 (19... Rc8 20. Bc6 Qxc6 21. Qxc6 Rxc6 22. Rxd8+ Ke7 23. Rxh8
Rxc4 24. g3 $18) 20. Qxa8 Kg7 1-0

[Event "Veliko Gradiste Silver Lake op-A"]
[Site "Veliko Gradiste"]
[Date "2015.06.27"]
[Round "8"]
[White "Smith, Bryan G"]
[Black "Atalik, Suat"]
[Result "0-1"]
[WhiteElo "2481"]
[BlackElo "2551"]
[Annotator "Atalik,S"]
[PlyCount "114"]
[EventDate "2015.06.20"]
[EventType "swiss"]
[EventRounds "9"]
[EventCountry "SRB"]
[SourceTitle "EXT 2016"]
[Source "ChessBase"]
[SourceDate "2015.10.08"]
[SourceVersion "1"]
[SourceVersionDate "2015.10.08"]
[SourceQuality "1"]

1. e4 e6 2. d4 d5 3. Nd2 dxe4 4. Nxe4 Bd7 {After all these years I have
learned the name of this line: Fort Knox!} 5. Nf3 Bc6 6. Bd3 Nd7 7. Qe2 $5 {
The move is more popular after Jobava's only last and possibly only loss to
Svidler in Fort Knox.} Be7 8. O-O $6 {Accepting the tempo loss.} (8. Neg5 Bxg5
9. Nxg5 h6 10. Nf3 (10. Qh5 Qe7 11. Nxf7 $2 Ngf6 $19 {I had to check this line
again over the board.}) 10... Qf6 11. Ne5 Nxe5 12. Qxe5 O-O-O 13. Be3 Qxe5 $1 {
Jobava had to exchange the queens for sure.} 14. dxe5 Ne7 15. O-O Rd5 16. f4
Bb5 $15) 8... Ngf6 9. Ng3 Bxf3 {He succeeded to make me put Be7 but now he
loses a tempo due to Qe2-f3.} 10. Qxf3 c6 11. c3 O-O 12. Re1 Re8 13. Nf1 {
A slight surprise} ({I was only thinking about} 13. Bf4 g6 $5 (13... Nd5 14.
Bd2 Bg5 15. Qh5 (15. Bxh7+ $2 Kxh7 16. Qh5+ Bh6 17. Bxh6 N5f6 18. Qh3 gxh6 $19)
15... h6 16. Bxg5 Qxg5 17. Qxg5 hxg5 18. Ne4 g4 $14)) {after which I have
reacted brutally with} 13... e5 $6 $146 (13... Bd6) 14. Qh3 $2 {He had to sac
an exchange and he would possibly have a crushing attack after my bluff.} (14.
dxe5 $1 Bd6 15. e6 $1 (15. Bf4 Bxe5) 15... Ne5 16. exf7+ Kxf7 17. Rxe5 Bxe5 18.
Bc4+ Kf8 19. Be3 Bd6 20. Ng3 $40) 14... exd4 15. cxd4 Qa5 16. Bf4 Qh5 17. Qg3
Nd5 18. Bd6 Bf6 19. Red1 (19. Ne3 Bxd4 20. Be2 Qh6 21. Nxd5 cxd5 22. Bb5 Rxe1+
23. Rxe1 Qd2 24. Re7 Qxb2 25. Bf1 Nf6 $19) 19... Re6 20. Ba3 Rae8 21. Bc4 N7b6
22. Bb3 Bh4 23. Qf3 Qxf3 24. gxf3 $17 {The position gives someone the idea
that White should lose in some moves but the reality is White is still kicking.
} a5 $1 25. Ng3 a4 26. Bc2 g6 27. Kf1 f5 28. b3 Ra8 29. Bc5 a3 30. b4 Na4 31.
Bb3 Nac3 $2 {I could have won a piece!} (31... b6 32. b5 bxc5 33. dxc5 (33.
bxc6 c4 $1 $19 {I have missed this intermezzo, which was the reason for me to
reject this line.}) 33... Nxc5 34. Bc4 Bf6 35. Rac1 Nc3 36. Rd6 cxb5 37. Bxe6+
(37. Rxe6 Nxe6 38. Bxe6+ Kf8) 37... Nxe6 38. Rxe6 Nxa2 39. Rce1 Kf7 $19) 32.
Rd3 Nb5 33. Ne2 Bg5 34. Nc3 Nbxc3 35. Rxc3 Nxc3 36. Bxe6+ Kg7 37. Re1 Bd2 38.
Re5 Bf4 39. Re1 Re8 40. b5 $1 {The only way to mess things up.} Nxb5 41. d5 Bd6
42. Be3 $2 (42. Bb6 $142 {I have thought that he should directly play} cxd5 43.
Bxd5 Rxe1+ 44. Kxe1 Bxh2 45. Bxb7 Bd6 $15) 42... f4 43. Bb6 Bc7 $1 {The start
of the winning maneuver.} 44. Bc5 $6 (44. Bxc7 Nxc7 45. Rb1 cxd5 46. Rxb7 Re7
$17) 44... b6 45. Bb4 c5 46. Bd7 (46. Bd2 Kf8 $1 (46... Nd4 $2 47. Bc3) 47. Re4
Nd4 48. Bxf4 Bxf4 49. Rxf4+ Ke7 50. Rf7+ Kd6 51. Rxh7 Nxe6 52. dxe6 Rxe6 $19)
46... Rxe1+ $1 (46... cxb4 $6 47. Bxe8 Nc3 48. Re7+ Kf8 49. Rxc7 Kxe8 50. Ke1
Nxa2 51. Ra7 Nc3 52. Kd2 Nb5 53. Ra8+ Kd7 54. Kc2 Nd4+ 55. Kb1 Kd6 56. Rd8+ Kc7
57. Ra8 Nxf3 58. Ka2 {and it was not clear to me if White could win this.}) 47.
Bxe1 Na7 48. Ke2 Kf6 49. Kd3 Ke7 50. Be6 (50. Ba4 Be5 51. Kc4 Kd6 52. Be8 b5+
$19) 50... Be5 51. Kc4 Kd6 $19 {The last step is to start the march of the
queenside pawns.} 52. h4 h6 53. Bd2 g5 54. hxg5 hxg5 55. Kb3 Bb2 (55... Nb5 {
wins as well.}) 56. Ka4 b5+ 57. Ka5 {No matter what he does White loses due to
the coming b4 and Nb5.} (57. Kb3 b4 58. Kc4 Nb5 $1 $19) 57... b4 (57... b4 58.
Ka4 Nb5 $1 $19) 0-1

[Event "Groningen Harmonie"]
[Site "Groningen"]
[Date "2003.12.30"]
[Round "9"]
[White "L'Ami, Erwin"]
[Black "Dambacher, Martijn"]
[Result "1-0"]
[WhiteElo "2470"]
[BlackElo "2419"]
[Annotator "Atlas,V"]
[PlyCount "61"]
[EventDate "2003.12.21"]
[EventType "tourn"]
[EventRounds "9"]
[EventCountry "NED"]
[EventCategory "10"]
[SourceTitle "CBM 099"]
[Source "ChessBase"]
[SourceDate "2004.03.30"]
[SourceVersion "1"]
[SourceVersionDate "2004.03.30"]
[SourceQuality "1"]

1. e4 e6 2. d4 d5 3. Nc3 dxe4 4. Nxe4 Nd7 5. g3 b6 6. Bg2 Rb8 7. Qe2 Bb7 8. Nf3
Be7 9. O-O Ngf6 10. Nxf6+ Nxf6 11. Rd1 O-O 12. c4 Qe8 13. Ne5 Bxg2 14. Kxg2 b5
15. b3 bxc4 16. bxc4 c5 17. Be3 cxd4 18. Bxd4 Qa4 19. Qf3 Rfc8 20. Rab1 Bd6 21.
Rxb8 Bxb8 22. Qb3 $1 (22. Nxf7 Kxf7 23. Bxf6 gxf6 24. Qb7+ Rc7 25. Qxb8 {
also deserved attention, but the text move is stronger.}) 22... Qa6 23. Qb5 $1
Qd6 (23... Qxb5 {Perhaps,} 24. cxb5 Bxe5 25. Bxe5 Nd5 {promised somemore
chances to escape, although Black's position is critical anyway.}) 24. Qb7 Rf8
25. Qf3 Qc7 26. Rb1 Nd7 27. Nc6 f6 (27... Kh8 {was more stubborn.}) {[%tqu
"En","White's positional advantage is overwhelming, but how to convert it into
a full point?","Exploit a shaky position of Black's minor pieces.","Use your
rook to deliver decisive strike.","b1b7","This remarkable rook thrust causes
Black's huge material losses and wins the game.",4]} 28. Rb7 $1 {[%csl Gb7,Rb8,
Gc6,Rc7,Rd7,Gf3,Rg8] This imressive rook move breaks Black's defense and wins
the game.} Qd6 ({The rook is invulnerable:} 28... Qxb7 29. Ne7+ {, winning the
queen.}) 29. c5 $1 {[%csl Rb8,Rd7] Winning a piece and the game.} Nxc5 30. Bxc5
Qxc5 31. Nxb8 1-0

[Event "Queens-Kings"]
[Site "Jinan"]
[Date "2002.07.24"]
[Round "2"]
[White "Xie, Jun"]
[Black "Seirawan, Yasser"]
[Result "0-1"]
[WhiteElo "2562"]
[BlackElo "2618"]
[Annotator "Atlas,V"]
[PlyCount "48"]
[EventDate "2002.07.21"]
[EventType "schev"]
[EventRounds "4"]
[EventCountry "CHN"]
[SourceTitle "CBM 091"]
[Source "ChessBase"]
[SourceDate "2002.11.12"]
[SourceVersion "1"]
[SourceVersionDate "2002.11.12"]
[SourceQuality "1"]

1. e4 e6 2. d4 d5 3. Nd2 dxe4 4. Nxe4 Bd7 5. Nf3 Bc6 6. Bd3 Nd7 7. O-O Be7 8.
b3 Ngf6 9. Ng3 O-O 10. Bb2 b6 11. c4 Bb7 12. Qe2 c5 13. Rad1 Re8 14. dxc5 bxc5
15. Ne5 g6 16. Be4 Qc8 17. Bxb7 Qxb7 18. Rfe1 Nf8 19. Ng4 Nxg4 20. Qxg4 Rad8
21. Nh5 Rxd1 22. Rxd1 Rd8 23. Nf6+ $4 ({A terrible mistake losing the game.
After} 23. Rxd8 {or 23.Ng3, the chances are about equal.}) 23... Bxf6 24. Bxf6
{[%tqu "En","How can Black conclude the game?","Exploit the weakness of
White's back rank and a shaky position of the white rook.","Sacrifice your
queen!","b7e4","A classical example of deflection!",4]} Qe4 $1 {[%csl Rd1,Rg1,
Rg4][%cal Gd8d1,Gd1g1]} (24... Qe4 $1 {This impressive queen thrust wins on
the spot. White cannot avoid huge material losses, since the black queen is
invulnerable.} 25. Qxe4 Rxd1+) 0-1

[Event "Biel MTO op"]
[Site "Biel"]
[Date "2000.08.02"]
[Round "9"]
[White "Avrukh, Boris"]
[Black "Kelecevic, Nedeljko"]
[Result "1-0"]
[WhiteElo "2625"]
[BlackElo "2414"]
[Annotator "Avrukh,B"]
[PlyCount "73"]
[EventDate "2000.07.24"]
[EventType "swiss"]
[EventRounds "11"]
[EventCountry "SUI"]
[SourceTitle "CBM 077 Extra"]
[Source "ChessBase"]
[SourceDate "2000.09.14"]
[SourceVersion "1"]
[SourceVersionDate "2000.09.14"]
[SourceQuality "1"]

1. e4 {. A very rare move in my opening repertoure,but in this game i felt i
have to start with king's pawn,because i nedeed to win this game to qulify to
semifinal. Finkel,A:} e6 2. d4 d5 3. Nd2 dxe4 4. Nxe4 Bd7 5. Nf3 Bc6 6. Ned2
Nd7 7. Bd3 Ngf6 8. O-O Be7 9. Re1 O-O 10. Nc4 (10. c3) 10... b6 (10... Bxf3 {
The second plan in this variation- to give up lightsquared bishop,to put pawn
on c6 and to play a little bit passive ,but very solid position.} 11. Qxf3 c6
12. c3 a5 13. Bg5 Nd5 14. Qh3 g6 15. Bh6 Re8 16. Qg3 Qb8 17. Qg4 Bf6 18. Rad1
a4 19. a3 b5 20. Nd2 Bg7 21. Bxg7 Kxg7 22. h4 f5 23. Qh3 {1/2-1/2 Iordachescu,
V-Ionescu,C/Calimanesti 1999/CBM 70 (23)}) (10... Bb5 11. c3 (11. a4 Ba6 12. c3
c5 13. Bf4 cxd4 14. Nxd4 Nc5 15. Bf1 $14 {Brodsky,M-Lauridsen,J/Vendrell op
1996 (24)}) 11... c5 12. Bf4 cxd4 13. Nxd4 Bxc4 14. Bxc4 e5 15. Nf5 $1 Bc5 16.
Bg5 $14 {Gelfand,B-Godena,M/Moscow olm 1994 (30)}) (10... Nb6 11. Nfe5 (11.
Nce5 $142 $14) 11... Be8 12. Na5 $6 Qd5 13. Nb3 Bb5 14. Bg5 Bxd3 $11 {Wahls,
M-Chabanon,J/Bad Endbach 1995 (44)}) 11. Nce5 Bb7 (11... Nxe5 12. dxe5 (12.
Nxe5 Bb7 13. c4 c5 $11 14. dxc5 Bxc5 15. Be3 {1/2-1/2 Aagaard,J-Westerinen,H/
Hafnarfjordur ISL 1999 (15)}) 12... Nd7 13. Nd4 Bb7 14. Qg4 {[%cal Gc1h6]} Re8
15. Bh6 Bf8 16. Bg5 Be7 17. h4 Bxg5 18. hxg5 Nf8 19. Bb5 Re7 20. Nc6 Bxc6 21.
Bxc6 Rb8 22. Rad1 $16 {1-0 Smirin,I-Chernin,A/Moscow 1994/CBM 40 ext (38)}) 12.
Bb5 $146 {[%csl Gc6]} (12. Qe2 Nxe5 $6 (12... c5 $142 13. Ng5 $140 $6 Qc7 $1 (
13... Qe8 $140 14. Bb5 a6 15. Bxd7 Nxd7 16. Nexf7 Rxf7 17. Qxe6 Nf8 18. Qxb6
$36) 14. Ngxf7 (14. Nexf7 Qc6 $1) 14... Rxf7 15. Nxf7 Qc6 $1) 13. dxe5 Nd7 14.
c3 (14. Rd1 $5) 14... c5 15. Bc2 Qc7 16. Ng5 (16. Bg5 $5) 16... Bxg5 17. Bxg5
Nxe5 18. Qxe5 Qxe5 19. Rxe5 f6 20. Bxf6 Rxf6 21. Bb3 $14 {1/2-1/2 Kruppa,
Y-Rustemov,A/Minsk 1996/CBM 54 (43)}) 12... Nb8 $6 (12... Nxe5 $142 13. dxe5 (
13. Nxe5 $2 Bxg2 14. Kxg2 Qd5+ $19 {[%cal Gd5b5]}) 13... Qxd1 (13... Nd5 14. c3
(14. Qe2 a6 15. Bd3 (15. Ba4 b5 16. Bb3 Qd7 $13) 15... Nb4 16. Be4 Bxe4 17.
Qxe4 Qd5)) 14. Rxd1 Ng4 $1 (14... Ne4 15. Nd4 {[%csl Gc6]} a6 (15... Rad8 16.
Be3) 16. Bc6 Bxc6 17. Nxc6 Bc5 18. Be3 $1 $14) 15. Rd7 (15. Bf4 Bc5 16. Bg3 (
16. Nd4 $2 f6 $1 17. Nxe6 Bxf2+ 18. Kh1 fxe5 19. Bg5 (19. Nxf8 exf4 20. Ne6 f3
21. Bf1 Ne3 $19) 19... Be3 $17) 16... Rad8 $11) 15... Bc5 (15... Rad8 16. Rxe7
Rd1+ 17. Bf1 Ba6 18. Nd2 Rc8 {[%cal Gg8f8]} (18... Rd8 19. c4 $18) 19. b3 Kf8
20. Rxe6 (20. Rd7 Ke8 $1 (20... Bxf1 $2 21. Ba3+ $18 {[%cal Ga1d1]})) 20...
Rxf1+ (20... fxe6 $2 21. Ba3+ $18 {[%cal Ga1d1]}) 21. Nxf1 fxe6 22. Bf4 $16)
16. h3 (16. Rxc7 Bxf3 17. gxf3 Nxe5 18. Kg2 Ng6 $11) 16... Bxf3 17. hxg4 Bxg4
18. Rxc7 $11) 13. Qe2 a6 $2 (13... c5 $142 14. dxc5 bxc5 (14... Bxc5 15. Bg5)
15. Bg5 $14 (15. Bf4)) 14. Bd3 Nc6 (14... c5 15. dxc5 bxc5 (15... Bxc5 16. Bg5
$40) 16. Bg5 {and white is clearly better}) 15. c3 Nxe5 16. dxe5 Nd7 17. Bf4
$16 Nc5 18. Bc2 Qd7 (18... a5 19. Rad1 Qe8 20. Nd4 {[%cal Ge2g4,Ge1e3,Ge3g3,
Gh2h4,Gh4h5] and white attack looks unstoppable}) 19. Rad1 (19. Nd4 {was
another strong option} Qd5 20. Qg4 h5 (20... g6 21. b4 $18) 21. Qg3 (21. Qh3 g5
22. Nf3 $1 (22. Bc1 g4 23. Qg3 f5 {and black gets very active play}) (22. Qg3
Qxg2+ $1) 22... gxf4 23. Qxh5 f5 24. Qg6+ Kh8 25. b4 Ne4 26. Bb3 $18) 21... Bh4
(21... h4 22. Qg4) 22. Qh3 g5 23. Nf3 $18) 19... Qc6 (19... Qb5 20. b4 (20. c4)
20... Na4 (20... Qxe2 21. Rxe2 Bxf3 22. gxf3 Nb7 23. Rd7 $18) 21. c4 Qxb4 (
21... Qc6 22. Qd3 g6 23. Qd7 $18) 22. Rb1 Nc3 23. Qd3 Be4 24. Rxe4 Nxb1 25. Re1
g6 26. Rxb1 $16) 20. b4 Na4 21. Qd3 g6 22. Qd7 {[%csl Ga4,Ge7]} Qxd7 23. Rxd7
Nxc3 24. Rxe7 Bxf3 ({More stubborn was -} 24... Nd5 25. Be4 Nxe7 26. Bxb7 Ra7
27. Be4 c5 (27... Nd5 28. Bxd5 exd5 29. Rc1 $16) 28. bxc5 bxc5 29. Rc1 Rc8 30.
Bd3 Nd5 31. Bh6 $16) 25. gxf3 Nd5 26. Bg5 Nxe7 (26... h6 27. Bf6) 27. Bxe7 Rfe8
28. Bg5 c5 29. bxc5 bxc5 30. Bd3 $1 $18 {[%csl Ga6]} Reb8 {[%cal Gb8b2]} 31.
Re2 {[%csl Gb2]} Rb4 32. Rc2 Ra4 33. Bc4 Rc8 (33... Rb8 34. Be7) 34. Be7 $1 (
34. Be3) 34... h6 35. Kg2 Kg7 36. Bd6 {[%csl Gc8]} Rb4 (36... g5 37. Rc3 $18 {
[%cal Ga2a3]}) 37. Bxa6 1-0

[Event "Petrov Memorial op"]
[Site "St Petersburg"]
[Date "1996.??.??"]
[Round "1"]
[White "Rublevsky, Sergei"]
[Black "Zakharevich, Igor"]
[Result "1-0"]
[WhiteElo "2610"]
[BlackElo "2435"]
[Annotator "Baburin,A"]
[PlyCount "49"]
[EventDate "1996.02.??"]
[EventType "swiss"]
[EventRounds "9"]
[EventCountry "RUS"]
[SourceTitle "CBM 052"]
[Source "ChessBase"]
[SourceDate "1996.06.01"]
[SourceVersion "1"]
[SourceVersionDate "1996.06.01"]
[SourceQuality "1"]

1. e4 e6 2. d4 d5 3. Nd2 dxe4 4. Nxe4 Nd7 5. Bd3 Ngf6 6. Qe2 c5 7. Nxf6+ Nxf6
8. dxc5 Bxc5 9. Nf3 O-O 10. Bg5 h6 {This move might be necessary, but on the
other hand it creates a target, which can be used by White later. Usually any
pawn advance from the king's castled position makes it more vulnerable when it
comes to opposite flank attacks.} 11. h4 Qa5+ 12. Bd2 Qa4 13. Ne5 Qd4 14. c3
Qd5 {[#] The strategic plans have become clear: White will attack on the King
side, where his pieces are pointing, the presence of the black pawn on h6
should help White to open the files after an eventual g2-g4-g5. Black tries to
hold the white King in the center, keeping an eye on the a2-pawn. However,
White can afford to sacrifice it, his lead in development and clear prospects
of the King side attack make it possible.} 15. O-O-O $1 Qxa2 16. g4 Qa1+ 17.
Kc2 Qa4+ 18. Kb1 Bd6 19. Nc4 Ne8 20. g5 {The pawn storm goes ahead smoothly.}
b5 21. Nxd6 Nxd6 22. gxh6 Nc4 23. hxg7 Rd8 24. Qh5 Na3+ 25. Kc1 1-0